les expressions françaises - 1 - Statistiques

Statistiques générales
  • Ce quiz a été pris 385 fois
  • Le résultat moyen est 11 sur 12
Statistiques - réponses
Question Réponse % Correct
Expression : Les doigts dans le nez C'est trop facile
98%
Expression : Avoir/Porter la poisse -Exemple : En ce moment je porte la poisse En ce moment je porte la malchance
98%
Expression : Il ne faut pas pousser mémé dans les orties Il faut pas abuser
95%
Expression : A gogo -Exemple : Il y a du fromage à gogo Il y a beaucoup de fromage
95%
Expression : Rouler dans la farine -Exemple : Le boulanger te roule dans la farine Le boulanger est en train de te berner
95%
Expression : Revenir bredouille -Exemple : Je suis revenu de la chasse bredouille Je suis revenu de la chasse sans gibier
94%
Expression : Avoir les chevilles qui enflent -Exemple : La reine a les chevilles qui enflent La reine a une attitude arrogante
93%
Expression : A midi pétante -Exemple : On doit partir à midi pétante On doit partir à midi pile
93%
Expression : ne pas casser trois pattes à un canard Avoir rien d'extraordinaire
85%
Expression : Copains comme cochons -Exemple : Tom et Pierre sont copains comme cochon Tom et Pierre sont amis
85%
Expression : Mettre la charrue avant les bœufs Faire tout à l'envers
80%
Expression : Apporter de l'eau à son moulin Donner des arguments
51%
Aucun quiz correspondant
Distribution des résultats
% des personnes avec chaque résultat
Percentile par nombre de réponses
Votre historique - résultats
Vous n’avez pas pris ce quiz